000 00342 a2200145 4500
001 156002
040 _cEscola São Tomás de Aquino
100 _aGUIMARÃES JÚNIOR, Ademar Celedônio
240 1 0 _aPraticando o enem 2
_lpor
245 1 0 _aPraticando o enem 2
300 _a172
362 0 _a2016
697 _aGENERALIDADES
942 _cBK
999 _c156002
_d156002